000 00855nam a22002297a 4500
999 _c61777
_d61777
005 20240502095308.0
008 240502s2003 enk||||| |||| 00| 0 eng d
020 _a9780721691756x
041 _aeng
080 _a617.3 S-66
245 _aSkeletal Trauma:
_bBasic Science, Management, and Reconstruction. 2-Volume /
_cBruce Browner; Jesse Jupiter; Alan Levine; Peter Trafton.
250 _a3rd Edition
264 _aPhiladelphia :
_b‎Saunders,
_c2003.
300 _a2626 p.:
_bill.;
_c29 cm.
653 _aჩონჩხის ტრავმა
653 _aმედიცინა
700 _aBrowner, Bruce
_eავტორი
_922026
700 _aJupiter, Jesse
_eავტორი
_922027
700 _aLevine, Alan
_eავტორი
_922028
700 _aTrafton, Peter
_eავტორი
_922029
942 _2udc
_cᲬᲘᲒᲜᲘ